000 00395nam a2200169Ia 4500
008 230524s9999 xx 000 0 und d
082 _a621.382
_bMIL
100 _aJacob Millman
245 0 _aMicroelectronics
250 _a2ND
260 _aNEW DELHI
_bTMH
_c2006
300 _aXVI;297
500 _aQuantity Number: 2
650 _aElectronics
700 _a Arvin Grabel
942 _cBK
999 _c36754
_d36754